Mathematical Cosmology and Extragalactic Astronomy

Saved in:
Bibliographic Details
Main Author: Segal, Irving Ezra
Format: Book
Language:English
Published: New York : Academic Press, 1976
Series:Pure and applied mathematics (Academic Press) ; 68
Subjects:
Tags: Add Tag
No Tags, Be the first to tag this record!

MARC

LEADER 00000cam a2200000 i 4500
001 1/61871
008 941103s1976 eng d
020 |a 012635250X 
035 |l 10046513 
035 |a 1993 
040 |a GR-MY-UA  |b gre  |e aacr 
041 0 |a eng 
082 0 |a 523.12 
100 1 |a Segal, Irving Ezra. 
245 1 0 |a Mathematical Cosmology and Extragalactic Astronomy /  |c Irving Ezra Segal 
260 |a New York :   |b Academic Press,   |c 1976 
300 |a ix, 204 p.;  |b ill.;  |c 24 cm 
490 1 |a Pure and applied mathematics (Academic Press)  |v ; 68 
504 |a Includes bibliographical references and index 
650 0 0 |a Cosmology. 
650 0 0 |a Astronomy  |x Mathematics. 
830 0 |a Pure and applied mathematics (Academic Press)  |v ; 68 
852 |a INST  |b SAMOS  |e 19941103  |h 523.12 SEG  |p 005300007143  |q 005300007143  |t BK  |y 0 
909 |a Σ  |b 030677